Up-regulation of the pro-inflammatory chemokine CXCL16 is a common response of tumor cells to ionizing radiation /
Saved in:
| Main Author: | |
|---|---|
| Other Authors: | |
| Format: | Article |
| Language: | English |
| Subjects: | |
| Tags: |
Add Tag
No Tags, Be the first to tag this record!
|
| Institutions: | Thư viện Trường Đại học Đà Lạt |
|---|
| LEADER | 00908nam a2200301 4500 | ||
|---|---|---|---|
| 001 | DLU110117880 | ||
| 005 | ##20101221 | ||
| 040 | # | # | |a DLU |b eng |
| 041 | # | # | |a eng |
| 044 | # | # | |a us |
| 100 | # | # | |a Matsumura, Satoko. |
| 245 | # | # | |a Up-regulation of the pro-inflammatory chemokine CXCL16 is a common response of tumor cells to ionizing radiation / |c Satoko Matsumura, Sandra Demaria. |
| 653 | # | # | |a Carcinoma cells |
| 653 | # | # | |a CXCL |
| 653 | # | # | |a Ionizing radiation |
| 653 | # | # | |a T cells |
| 653 | # | # | |a Tumors |
| 700 | # | # | |a Demaria, Sandra. |
| 773 | # | # | |t Radiation Research |g Vol. 173, no. 4 (April 2010), p. 418-425 |
| 920 | # | # | |a Phòng Tạp chí -- Trung tâm Thông tin - Thư viện Trường Đại học Đà Lạt |
| 994 | # | # | |a DLU |
| 900 | # | # | |a True |
| 911 | # | # | |a Trương Bảo Trâm Anh |
| 925 | # | # | |a G |
| 926 | # | # | |a A |
| 927 | # | # | |a BB |
| 980 | # | # | |a Thư viện Trường Đại học Đà Lạt |